|
|
|
|
| LEADER |
00000nam a2200000 a 4500 |
| 001 |
vtls011575379 |
| 003 |
SK-MaSNL |
| 005 |
20260301095029.0 |
| 008 |
240318s2016 xr a c 010 f slo |
| 015 |
|
|
|a SNBZSA2016/11
|
| 020 |
|
|
|a 9788000043913
|q (viazané)
|
| 035 |
|
|
|a 83B47D7D-5B55-4A09-A801-19DE33563A37
|
| 035 |
|
|
|a urn:nbn:sk:snk-amthbn
|
| 035 |
|
|
|a urn:nbn:sk:snk-am00c2o8
|
| 040 |
|
|
|a SNK
|b slo
|c SNK
|e AACR2
|
| 041 |
1 |
|
|a slo
|h eng
|
| 044 |
|
|
|a xr
|c CZ
|
| 072 |
|
7 |
|a 821.111-3
|x Anglická próza, anglicky písaná
|2 konspekt
|
| 072 |
|
7 |
|a 821-93
|x Literatúra pre deti a mládež (beletria)
|2 konspekt
|
| 080 |
|
|
|a 821.111-32
|2 2011
|
| 080 |
|
|
|a 82-93-053.2
|2 2011
|
| 100 |
1 |
|
|a Chapman, Linda,
|d 1969-
|4 aut
|9 55445
|
| 240 |
1 |
0 |
|a A Spoonful of secrets (Best Friend's Bakery)
|l Slovensky
|
| 245 |
1 |
0 |
|a Priateľstvo plné koláčikov
|n [2]
|p Lyžička tajomstiev
|c Linda Chapmanová ; ilustrovala Kate Hindleyová ; [z anglického originálu ... preložila Mária Pavligová]
|
| 246 |
3 |
0 |
|a Lyžička tajomstiev
|
| 250 |
|
|
|a 1. slov. vyd.
|
| 260 |
|
|
|a V Prahe
|b Albatros
|c 2016
|
| 300 |
|
|
|a 182 s.
|b ilustr.
|c 21 cm
|
| 655 |
|
7 |
|a anglické príbehy
|2 SNKPH
|9 70612
|
| 655 |
|
7 |
|a publikácie pre deti
|2 SNKPH
|9 70148
|
| 655 |
|
7 |
|a English stories
|2 SNKPHeng
|9 286267
|
| 655 |
|
7 |
|a Children's literature
|2 SNKPHeng
|9 276039
|
| 700 |
1 |
|
|a Hindley, Kate
|4 ill
|9 54486
|
| 700 |
1 |
|
|a Pavligová, Mária,
|d 1980-
|4 trl
|9 319668
|
| 752 |
|
|
|a Česko
|d Praha
|
| 852 |
|
|
|a Štátna vedecká knižnica v Banskej Bystrici
|
| 919 |
|
|
|a 978-80-00-04391-3
|
| 958 |
|
|
|a ZS
|
| 958 |
|
|
|a NB
|
| 999 |
|
|
|c 682003
|d 683933
|
| 952 |
|
|
|a SNK
|b SNK
|y PREZ
|7 0
|p 17A1217671
|o snkSC 170272/2
|i snk2016/26161
|8 4
|g 9.12
|0 0
|1 0
|4 0
|d 2016-10-26
|f 1
|l 0
|r 2025-09-08 00:00:00
|w 2026-02-23
|